[Event "Rafsanjan op 1st"]
[Site "Rafsanjan"]
[Date "2015.08.12"]
[Round "5"]
[White "Mohammadi, Ahmad"]
[Black "Mohammadi, Farhad"]
[Result "1-0"]
[WhiteElo "1819"]
[BlackElo "1816"]
[PlyCount "77"]
[EventDate "2015.08.10"]
[EventType "swiss"]
[EventRounds "9"]
[EventCountry "IRI"]
[SourceTitle "EXT 2016"]
[Source "ChessBase"]
[SourceDate "2015.10.08"]
[SourceVersion "1"]
[SourceVersionDate "2015.10.08"]
[SourceQuality "1"]

1. f4 d5 2. Nf3 Nf6 3. e3 Bg4 4. Be2 Bxf3 5. Bxf3 c6 6. b3 e6 7. Bb2 Nbd7 8. 0-0 Qc7 9. Nc3 Be7 10. Ne2 h6 11. Ng3 0-0-0 12. c4 dxc4 13. bxc4 Rhg8 14. d4 Nb6 15. Qc2 c5 16. a4 cxd4 17. Bxd4 Bc5 18. a5 Bxd4 19. exd4 Nbd5 20. Qb3 Nxf4 21. Rab1 Rxd4 22. Bxb7+ Kd8 23. Rbd1 Rxd1 24. Rxd1+ Ke7 25. Qb4+ Ke8 26. Qb5+ Ke7 27. Bc6 Rd8 28. Qc5+ Rd6 29. Rxd6 Qxd6 30. Qxa7+ Nd7 31. Qxd7+ Qxd7 32. Bxd7 Kxd7 33. Kf2 Kc6 34. Ke3 Nxg2+ 35. Kd4 f6 36. Nh5 e5+ 37. Ke4 Nf4 38. Nxg7 Ne6 39. Nxe6 1-0